Mejoramiento lechero en áreas de pequeños agricultores: temporada 1984- 1985
Sábháilte in:
| Údar corparáideach: | |
|---|---|
| Formáid: | LEABHAR |
| Teanga: | Spáinnis |
| Foilsithe / Cruthaithe: |
Santiago
CORFO
1985
|
| Ábhair: | |
| Clibeanna: |
Cuir clib leis
Níl clibeanna ann, Bí ar an gcéad duine le clib a chur leis an taifead seo!
|
MARC
| LEADER | 00000nam a2200000 a 4500 | ||
|---|---|---|---|
| 001 | UCR2074 | ||
| 003 | CL-VaPUC | ||
| 008 | 980109e19850000CL |||||||||||||||||spa|d | ||
| 082 | 0 | 4 | |a 637.1 |b COR |2 21 |
| 110 | 2 | |a CORFO |e author |9 399721 | |
| 245 | 1 | 0 | |a Mejoramiento lechero en áreas de pequeños agricultores: temporada 1984- 1985 |
| 300 | |a 158 p | ||
| 942 | |c BK | ||
| 945 | |d 19980109 00:00:00 |a jquezada | ||
| 260 | |a Santiago |b CORFO |c 1985 | ||
| 650 | 7 | |a MANEJO ANIMAL |2 CL-VaPUC |9 399722 | |
| 650 | 7 | |a PRODUCCION DE LECHE |2 CL-VaPUC |9 394513 | |
| 650 | 0 | |a Acopio |9 395952 | |
| 650 | 7 | |a BOVINOS |2 CL-VaPUC |9 399723 | |
| 650 | 7 | |a CAPRINOS |2 CL-VaPUC |9 399724 | |
| 650 | 0 | |a Reproducción |9 269783 | |
| 650 | 7 | |a CONTROL SANITARIO |2 CL-VaPUC |9 394606 | |
| 650 | 7 | |a CRIANZA |2 CL-VaPUC |9 392579 | |
| 650 | 7 | |a ENGORDA |2 CL-VaPUC |9 394628 | |
| 583 | |a last modification |c 19980109 00:00:00 |k Rodrigo Vera | ||
| 999 | |c 265344 |d 265342 | ||